000 00430nam a22001337a 4500
008 151203b xxu||||| |||| 00| 0 eng d
020 _a9789712359019
082 _22011
_aDFil 345
_bR11
245 _aThe revised penal code of the Philippines:
_bwith Special Laws.
260 _aPhilippines:
_bRex Book Store, Inc.,
_cc2011.
300 _axiii, 931 pages:
_c16 cm
650 0 _92632
_aRevised penal code
_zPhilippines.
942 _2ddc
_cDFIL
999 _c442
_d442